A long way from Euclid / (Record no. 1468)

MARC details
000 -LEADER
fixed length control field 00442nam a2200157 4500
001 - CONTROL NUMBER
control field 1907
005 - DATE AND TIME OF LATEST TRANSACTION
control field 20181127164215.0
008 - FIXED-LENGTH DATA ELEMENTS--GENERAL INFORMATION
fixed length control field 720420s1963 nyua 000 0 eng
010 ## - LIBRARY OF CONGRESS CONTROL NUMBER
LC control number 63018418
100 1# - MAIN ENTRY--PERSONAL NAME
Personal name Reid, Constance.
245 12 - TITLE STATEMENT
Title A long way from Euclid /
Statement of responsibility, etc. Constance Reid.
260 ## - PUBLICATION, DISTRIBUTION, ETC.
Place of publication, distribution, etc. New York :
Name of publisher, distributor, etc. T. Y. Crowell Co.,
Date of publication, distribution, etc. 1963.
300 ## - PHYSICAL DESCRIPTION
Extent ix, 292 p. :
Other physical details ill. ;
Dimensions 21 cm.
650 #0 - SUBJECT ADDED ENTRY--TOPICAL TERM
Topical term or geographic name entry element Geometry
General subdivision History.
Topical term or geographic name entry element Mathematics
General subdivision History.
Holdings
Withdrawn status Lost status Source of classification or shelving scheme Damaged status Not for loan Collection code Home library Current library Shelving location Serial Enumeration / chronology Inventory number Total Checkouts Full call number Barcode Date last seen Price effective from Koha item type
    Dewey Decimal Classification     Main TEST RTC Library RTC Library Main opac 1163   510.9 REI 30002973 27/11/2018 27/11/2018 Main
Royal Thimphu College || All Right Reserved